| 000 | 00801nam a2200205Ia 4500 | ||
|---|---|---|---|
| 003 | OSt | ||
| 005 | 20240808112519.0 | ||
| 008 | 210210b1987 xxu||||| |||| 00| 0 eng d | ||
| 040 | _cAL | ||
| 041 | _akan | ||
| 082 | _aK894.8 VENM | ||
| 100 |
_aVENKATASUBBAYYA (G) ವೆಂಕಟಸುಬ್ಬಯ್ಯ ಜಿ Ed _9175756 |
||
| 245 |
_aMuddana bhandara. S2-Adbhuta Ramayanam Ramashvamedham mattu Jojo. _bಮುದ್ಣಣ ಭಂಡಾರ ಸಂ ೨ ಅದ್ಭುತ ರಾಮಾಯಣ ರಾಮಾಶ್ವಮೇಧಂ ಮತ್ತು ಜೋಜೋ |
||
| 260 |
_aBengaluru _bKannada mattu Samskrati Nirdeshanalaya _c1987 |
||
| 300 | _axxiv,408 | ||
| 650 |
_aMuddana Adbhuta Ramayana Ramashvamedham _9175757 |
||
| 690 |
_aKannada Miscellaneous _9175758 |
||
| 906 | _a044951 | ||
| 942 |
_2ddc _cBK |
||
| 999 |
_c94150 _d94150 |
||